| 000 | 00459nam a22001457a 4500 | ||
|---|---|---|---|
| 003 | SGT | ||
| 082 |
_a617.632 _bC23R |
||
| 100 | _aRaj, Kevin | ||
| 245 | _aComparative evaluation of Chitosan Chip and its application with Metronidazole and Diode laser after Phase 1 Therapy in Patients of Chronic Periodontics | ||
| 260 |
_aGurugram, Haryana _bSGT University _c2023 |
||
| 300 | _a102 | ||
| 650 | _aPeriodontology | ||
| 653 | _aPeriodontology | ||
| 942 |
_2ddc _cTH |
||
| 999 |
_c23724 _d23724 |
||